Datum a čas kvízu
19
Celkem bodů
Celkový počet nahraných bodů na tomto kvízu bez doplňovacích otázek.
8.
Pořadí na kvízu
Konečné umístění týmu na tomto kvízu.
Zaznamenané odpovědi
| # | Otázka | Odpověď | Body | Výsledky |
|---|---|---|---|---|
| 1. | Český internet se minulý týden... | Marta Nováková | 0 | |
| 2. | S délkou těla téměř čtyři cent... | o včelu | 0 | |
| 3. | Jak se nazývá snímek, který v... | Zelená kniha | 1 | |
| 4. | V úterý byla v České republice... | Apple Pay | 0 | |
| 5. | Kterému z těchto týmů se nepod... | C | 1 | |
| 6. | Cestovatel Miroslav Zikmund os... | Tatra 87 | 0 | |
| 7. | Dne 31. července 1947, což byl... | Tobruk | 1 | |
| 8. | Dne 28. ledna 1948 vztyčili ce... | C | 1 | |
| 9. | V prvním červencovém týdnu se... | Buenos Aires | 0 | |
| 10. | V Kongu zažili Zikmund s Hanze... | zrození sopky (Vovokvabiti) | 0 |